000 00572nam a2200181Ia 4500
005 20250423101502.0
008 250422s9999 xx 000 0 und d
020 _a0809426838 |a 080942682X (lib. bdg.)
050 _aDG 677.5 .T48/
100 _aThubron, Colin
245 4 _aThe Venetians
260 _aAlexandria, Va.
260 _bTime-Life Books
260 _cc1980
300 _a176 p
650 _aCrusades. Venice (Italy)_History_697-1508. Venice (Italy)_History_Turkish Wars, 1453-1571. Venice (Italy)_History_Turkish Wars, 17th century.
942 _cBK
999 _c36422
_d36422